| 000 | 01070nam a2200205Ia 4500 | ||
|---|---|---|---|
| 001 | 14142 | ||
| 003 | GE_BSU | ||
| 008 | 181216s||||||||xx |||||||||||||| ||und|| | ||
| 040 | _cGE_BSU | ||
| 245 | _aბუღალტრული აღრიცხვა:დეკემბერი №12(216).2014. | ||
| 245 | _bსაქართველოს პროფესიონალ ბუღალტერთა და აუდიტორთა ფედერაცია. | ||
| 245 | _cმთავარი რედაქტორი: ლავრენტი ჭუმბურიძე.გამოც.რედ:მანანა გველესიანი. | ||
| 260 | _aთბილისი | ||
| 260 | _c2014 | ||
| 300 | _a76გვ.29სმ. | ||
| 653 | _aბუღალტრული აღრიცხვა. | ||
| 653 | _aპერიოდიკა | ||
| 653 | _aსაქართველოს პროფესიონალ ბუღალტერთა და აუდიტორთა ფედერაცია. | ||
| 942 | _cCR | ||
| 999 |
_c47282 _d47282 |
||